00345nam a2200133Ia 4500008004100000041000800041082001400049100001400063245004500077250001400122260003200136300003200168365001100200240624s9999 xx 000 0 und d aeng a519.5 BLA aBLACK KEN aBUSINESS STATISTICS FOR CONTEMPORARY DEC a(4th ed.) c2006aSingaporebJohn Wiley axxix, : 827 : p. : cm. ; 24 cRSb35